Normal view
MARC view
- Dr. Sadaf Mumtaz.
Entry Personal Name
001 - CONTROL NUMBER
- control field: 19518
003 - CONTROL NUMBER IDENTIFIER
- control field: NUST
005 - DATE AND TIME OF LATEST TRANSACTION
- control field: 20190826060037.0
008 - FIXED-LENGTH DATA ELEMENTS
- fixed length control field: 190826|| aca||aabn | a|a d
040 ## - CATALOGING SOURCE
- Original cataloging agency: NUST
- Transcribing agency: NUST
100 ## - HEADING--PERSONAL NAME
- Personal name: Dr. Sadaf Mumtaz.
670 ## - SOURCE DATA FOUND
- Source citation: Work cat.: (NUST): Nadeem, Amina 19517, Association of single nucleotide polymorphism of inflammatory cytokines with type 2 mellitus in patients reporting to tertiary care hospital in Pakistan /, 2015.
